000 00450nam a2200169Ia 4500
003 GCL
008 140319s9999 xx 000 0 eng d
040 _aGCL /
_cGCL
082 0 4 _a546
_bF O
100 1 _aFINAR, I. L.
245 1 0 _aORGANIC CHEMISTRY: VOLUME 1: THE FNNDAMEUTAL PRINCIPLES /
_cFINAR, I. L.
260 _a[S.N] :
_bELBS LONGMAN ،
_c1994
300 _a965 P
650 0 4 _aCHEMISTRY
650 0 4 _aORGANIC CHEMISTRY
942 _2ddc
_cBK
999 _c20396
_d20396